[Event "RUS-Cup3"]
[Site "Omsk"]
[Date "1996.??.??"]
[Round "9"]
[White "Temirbayev, Serikbay"]
[Black "Sherbakov, Vitaly S"]
[Result "0-1"]
[WhiteElo "2480"]
[BlackElo "2370"]
[Annotator "Endgame-CD"]
[PlyCount "158"]
[EventDate "1996.12.13"]
[EventType "swiss"]
[EventRounds "9"]
[EventCountry "RUS"]
[SourceTitle "CBM 057"]
[Source "ChessBase"]
[SourceDate "1997.04.01"]
[SourceVersion "1"]
[SourceVersionDate "1997.04.01"]
[SourceQuality "1"]

1. d4 Nf6 2. c4 e6 3. Nf3 b6 4. g3 Bb7 5. Bg2 g6 6. O-O Bg7 7. b3 O-O 8. Bb2 d6
9. Nbd2 c5 10. Qc2 Nc6 11. Rfd1 Qe7 12. Rac1 Rfe8 13. Qb1 Rad8 14. e3 Nd7 15.
Ne4 f5 16. Nc3 Nf6 17. Ng5 Na5 18. d5 Nxd5 19. Nxd5 exd5 20. Bxg7 Kxg7 21. Qb2+
Kg8 22. h4 dxc4 23. Bxb7 Qxb7 24. bxc4 Qe7 25. Nh3 Nc6 26. Nf4 Ne5 27. Nd5 Qg7
28. Qb5 Ng4 29. a4 Qe5 30. Rd2 Rf8 31. Qc6 Rf7 32. Rf1 Qe8 33. Qxe8+ Rxe8 34.
Rc1 Nf6 35. Nc3 Rd7 36. Rcd1 Red8 37. f3 Kf7 38. Kf2 Ke6 39. Ne2 h6 40. Nf4+
Kf7 41. Nd5 Nxd5 42. Rxd5 Ke6 43. h5 g5 44. e4 fxe4 45. Re1 Rf7 46. Rxe4+ Kd7
47. Re3 Rf6 48. Rd2 Kc6 49. Re7 Rd7 50. Rde2 g4 51. f4 Rf5 52. R7e6 Rxh5 53.
Ke3 Rh1 54. Ke4 Rf7 55. f5 Rf1 56. Rh2 R1xf5 57. Rhxh6 Rf3 58. Rxd6+ Kb7 59. a5
Re7+ 60. Rhe6 Rxe6+ 61. Rxe6 Rxg3 62. axb6 axb6 63. Re7+ Ka6 64. Kd5 Rc3 65.
Rg7 g3 66. Rg4 b5 67. Kc6 Rxc4 68. Rxg3 Ka5 69. Rg1 Rc3 70. Rb1 b4 71. Ra1+ Ra3
72. Rb1 Ka4 73. Kxc5 $19 Rc3+ (73... b3 $4 74. Kc4 $11) 74. Kd4 Rc8 (74... Ka3
$19) 75. Ra1+ Kb3 76. Rb1+ Ka3 77. Ra1+ Kb2 78. Ra7 b3 79. Rb7 (79. Kd3 Kb1 80.
Kd2 Rc2+ 81. Kd3 b2 $19) 79... Kc2 0-1

[Event "Brno"]
[Site "Brno"]
[Date "1992.??.??"]
[Round "8"]
[White "Ftacnik, Lubomir"]
[Black "Bischoff, Klaus"]
[Result "1/2-1/2"]
[WhiteElo "2535"]
[BlackElo "2510"]
[Annotator "Ftacnik,L"]
[PlyCount "79"]
[EventDate "1992.08.??"]
[EventType "tourn"]
[EventRounds "9"]
[EventCountry "CZE"]
[EventCategory "11"]
[SourceTitle "CBM 031"]
[Source "ChessBase"]
[SourceDate "1992.12.01"]
[SourceVersion "1"]
[SourceVersionDate "1992.12.01"]
[SourceQuality "1"]

1. d4 Nf6 2. c4 e6 3. Nf3 b6 4. g3 Ba6 5. Nbd2 Bb7 6. Bg2 Be7 7. O-O O-O 8. b3
c5 9. e3 {N} (9. dxc5 bxc5 10. Bb2 d6 11. Qc2 Nbd7 12. e4 Qc7 13. Rfe1 Rfd8 $10
{Adianto,U-Adorjan,A/Indonesia/1983/}) (9. Bb2 d6 10. Qc2 cxd4 11. Nxd4 Bxg2
12. Kxg2 Qc7 13. Qd3 Nbd7 14. f4 Rfe8 15. Qf3 d5 $10 {Ftacnik,L-Ivanchuk,V/
Novi Sad ol/1990/}) 9... d6 (9... d5 10. Ne5 cxd4 11. exd4 Nbd7 12. Bb2 $13)
10. Bb2 Nbd7 11. Qe2 Qc7 (11... Ne4 $5 12. Nxe4 Bxe4 13. Rfd1 Qc7) 12. e4 cxd4
13. Nxd4 a6 14. f4 Rfe8 15. Rae1 (15. f5 e5 16. Nc2 b5 $132) (15. g4 g6 $1 (
15... Nf8 16. g5 N6d7 17. Rae1 $36) 16. Rae1 (16. f5 e5 17. Nc2 b5 $132) 16...
e5 $132) 15... Nf8 (15... e5 16. Nf5 Bf8 17. g4 g6 18. Ne3 $36 (18. g5 Nh5 19.
fxe5 dxe5 $132)) (15... Nc5 16. e5 Nfd7 17. Bxb7 Qxb7 18. N2f3 $13) 16. e5 N6d7
(16... dxe5 17. fxe5 Bxg2 18. Qxg2 N6d7 19. Qf2 Nxe5 $1 20. Nxe6 (20. Rxe5 Qxe5
21. Qxf7+ Kh8 $17) (20. Nb5 axb5 21. Bxe5 Qc5 $140 22. Bd4 Qxd4 23. Qxd4 Bc5
$17) 20... Nxe6 21. Bxe5 Qc5 $10) 17. Bxb7 Qxb7 18. exd6 Bxd6 19. Ne4 Bb4 (
19... Be7 20. a4 $14) 20. Qf3 $6 (20. Rd1 $5 Rad8 (20... e5 $6 21. Nf5 exf4 22.
Qg4 Ng6 23. Rxf4 $140 $1 (23. Rxd7 $6 Qxe4) (23. Nfd6 Qc6 24. Nxe8 Qxe4 25.
Qxd7 Rxe8 $132) 23... Nde5 24. Bxe5 Rxe5 25. Rd7 $1) 21. a3 Be7 22. b4 $14)
20... Nc5 (20... Qc7 21. Rd1 b5 $132) 21. Nc6 $5 (21. Nxc5 Qxf3 22. Nxf3 Bxe1
$5 (22... Bxc5+ 23. Bd4 Rad8 24. Rd1 $14) 23. Nd3 Ba5 24. b4 Red8 25. Nfe1 Bxb4
26. Nxb4 Rac8 $13) (21. Nd6 Qxf3 22. Nxf3 Red8 (22... Nd3 23. Nxe8 Bxe1 (23...
Nxb2 24. Re2 Nd3 25. Rd1 $16) 24. Nxe1 (24. Bxg7 $6 Bf2+ $1) 24... Nxb2 25. Nd6
Rd8 $10) 23. Rd1 Na4 (23... Nxb3 24. Nxf7 $1) (23... Rxd6 24. Rxd6 Na4 25. Be5
$1 $14) 24. Be5 Nc3 25. Bxc3 Bxc3 26. Ne5 $10) 21... Nxe4 $1 (21... Bxe1 22.
Nd6 Qc7 23. Nxe8 Rxe8 24. Rxe1 Rc8 25. Nd4 Rd8 26. Re2 $14) 22. Nxb4 f5 23. Nd3
(23. Rd1 b5 $1 $132) 23... Nd7 (23... b5 24. Nf2 $1 bxc4 25. Nxe4 fxe4 26. Rxe4
$14) 24. Rd1 (24. Nf2 Ndc5 25. b4 Nxf2 26. Qxb7 Nh3+ 27. Kg2 Nxf4+ 28. Rxf4
Nxb7 $15) 24... Ndc5 25. Nxc5 (25. Ne5 Rad8 26. Rxd8 Rxd8 27. Rd1 Qc7 $10)
25... bxc5 26. Rd3 (26. Qd3 Re7 27. Be5 a5 $132) 26... Red8 27. Rfd1 Qe7 28.
Qe2 Rxd3 (28... a5 29. Qc2 Rxd3 30. Qxd3 Ra7) 29. Qxd3 Ra7 30. g4 (30. Qd8+
Qxd8 31. Rxd8+ Kf7 32. Be5 a5 $132) 30... Qh4 31. Qd8+ $8 (31. Be5 $6 Qxg4+ 32.
Kf1 h6 $17) 31... Qxd8 32. Rxd8+ Kf7 33. g5 (33. gxf5 exf5 34. Rd5 g6 35. Be5
a5 36. a4 Rb7 37. Rd3 $10) 33... a5 34. Be5 h6 35. gxh6 (35. h4 Kg6 36. Rg8 Rd7
$132) 35... gxh6 36. Rh8 Kg6 37. Re8 Kf7 (37... a4 38. Rxe6+ Kh5 39. Rb6 axb3
40. axb3 Rd7 41. b4 $10) 38. Rh8 Kg6 39. Re8 Kf7 40. Rh8 {Ftacnik,L} 1/2-1/2

[Event "EU-chT (Men) 13th"]
[Site "Leon"]
[Date "2001.11.11"]
[Round "6.1"]
[White "Kozul, Zdenko"]
[Black "Sturua, Zurab"]
[Result "1-0"]
[WhiteElo "2569"]
[BlackElo "2571"]
[Annotator "Ftacnik,L"]
[PlyCount "64"]
[EventDate "2001.11.06"]
[EventType "team-swiss"]
[EventRounds "9"]
[EventCountry "ESP"]
[SourceTitle "CBM 086"]
[Source "ChessBase"]
[SourceDate "2002.02.05"]
[SourceVersion "1"]
[SourceVersionDate "2002.02.05"]
[SourceQuality "1"]
[WhiteTeam "Croatia"]
[BlackTeam "Georgia"]
[WhiteTeamCountry "CRO"]
[BlackTeamCountry "GEO"]

1. d4 Nf6 2. c4 e6 3. Nf3 d5 4. g3 Bb4+ 5. Nbd2 O-O 6. Bg2 b6 7. O-O Bb7 8.
cxd5 exd5 9. Qb3 Bd6 10. Rd1 Nbd7 11. Nb1 c5 12. Nc3 c4 (12... Re8 13. Bg5 c4
14. Qc2 h6 $13) 13. Qc2 a6 14. b3 cxb3 {Strategically risky decision, if black
should fail to hold his queenside pawn structure he can end up in tears.} (
14... b5 15. bxc4 bxc4 16. Ng5 Nb6 (16... h6 17. Nxd5 Bxd5 18. Bxd5 hxg5 19.
Bxa8 Qxa8 20. Qxc4 $16) 17. e4 dxe4 18. Ncxe4 $14) (14... Rc8 15. Nd2 b5 16.
bxc4 bxc4 17. e4 $14) 15. Qxb3 b5 16. Ne1 (16. Ba3 Bxa3 17. Qxa3 Nb6 18. Ne5
Rc8 $11) 16... Nb6 17. Bg5 Be7 18. Bxf6 $5 Bxf6 19. e3 Rc8 $6 (19... Qd6 20. a4
(20. Nd3 Rfc8 21. a4 bxa4 22. Nxa4 Nxa4 23. Rxa4 Bc6 24. Ra5 $14) 20... b4 21.
a5 Nc4 22. Na2 Rab8 23. Qxb4 Qc7 24. Rdc1 $14) 20. Nd3 Rc4 (20... Be7 21. a4 (
21. Nf4 $2 Rc4 22. Rac1 Qd6 $11) 21... bxa4 22. Nxa4 Nxa4 23. Rxa4 (23. Qxb7 $6
Nc3 24. Rd2 a5 $11) 23... Rb8 24. Qa2 $16) (20... Nc4 21. Nc5 Na5 22. Qb4 Be7
23. a4 $16) 21. Nb2 (21. Nc5 Qe7 (21... Bc6 22. Bf1 Rxc5 23. dxc5 Na4 24. Nxa4
Bxa1 25. Rxa1 bxa4 26. Qb6 $16) 22. Bf1 Rxc5 23. dxc5 Nc4 24. Rac1 Qxc5 25. Bg2
$16) 21... Rc7 22. a4 $1 {[%mdl 16] This is close to te worst scenario for
black, as the pawn structure suffers and compensation is missing.} Qc8 (22...
bxa4 23. Qxb6 Rxc3 24. Qxb7 Rb3 25. Qxd5 Rxb2 26. Rxa4 $18) 23. Rd3 (23. Nxd5
Bxd5 24. Bxd5 Rc3 25. Qa2 Nxd5 26. Qxd5 Rd8 $14) 23... Nxa4 24. Nbxa4 bxa4 25.
Nxa4 (25. Rxa4 Qf5 26. Rd1 Qh5 27. Rb1 Rd8 28. Ra5 $16) 25... Rd8 (25... Qf5
26. Rc3 Bc6 27. Nb6 $18) 26. Rc3 $1 {The last smart move exchanges black's
active defender on c7.} Rxc3 27. Nxc3 h5 (27... Qd7 28. Ra5 Rc8 29. Bxd5 Rxc3 (
29... Bxd5 30. Nxd5 Qe6 31. Nxf6+ Qxf6 32. Qb7 $18) 30. Qxb7 $18) 28. Nxd5 Bxd5
(28... Bg5 29. h4 $18) 29. Bxd5 Rd7 (29... Qd7 30. Bf3 Qf5 31. Qd1 $18) 30. Be4
Rd6 31. Bg6 Qc7 (31... Qe6 32. Qxe6 fxe6 33. Bxh5 e5 34. d5 Rxd5 35. Rxa6 e4
36. Bg6 $18) 32. Bxh5 Rb6 1-0

[Event "Mario Covas 4th"]
[Site "Santos"]
[Date "2004.08.02"]
[Round "3"]
[White "Milos, Gilberto"]
[Black "Zarnicki, Pablo Adrian"]
[Result "1-0"]
[WhiteElo "2601"]
[BlackElo "2521"]
[Annotator "Ftacnik,L"]
[PlyCount "83"]
[EventDate "2004.07.31"]
[EventType "tourn"]
[EventRounds "9"]
[EventCountry "BRA"]
[EventCategory "11"]
[SourceTitle "CBM 103"]
[Source "ChessBase"]
[SourceDate "2004.11.11"]
[SourceVersion "1"]
[SourceVersionDate "2004.11.11"]
[SourceQuality "1"]

1. d4 Nf6 2. c4 e6 3. Nf3 b6 4. g3 Ba6 5. Nbd2 d5 6. Bg2 Be7 7. O-O O-O 8. Ne5
Bb7 9. b3 c5 10. dxc5 bxc5 11. Bb2 Nbd7 12. Qc2 Nxe5 13. Bxe5 Qb6 14. cxd5 exd5
15. e4 $5 {Milos is not afraid to simplify the position, since black will have
to work to eqaulize.} Nxe4 (15... Ng4 16. Bb2 Qg6 17. Rac1 Ba6 18. Rfe1 d4 19.
e5 d3 20. Qc3 Rad8 21. Ba3 Qb6 22. Rf1 Qe6 23. h3 Nxe5 24. Rfe1 Bf6 25. Qxc5 {
Siegel,G-Hjartarson,J/Germany BL/1995/ (42)}) 16. Nxe4 dxe4 17. Bxe4 Bxe4 18.
Qxe4 Rfe8 19. Qf4 (19. Qc4 Rad8 20. Rad1 Qb4 $11) 19... Qb4 {Zarnicki is
making sensible moves, white's advantage is rather modest.} (19... a5 20. Rfe1
a4 21. bxa4 Qc6 22. Re4 Bd6 23. Rae1 Bxe5 24. Rxe5 Rxe5 25. Rxe5 h6 26. Re7 Qd5
27. Qe4 $14) 20. Rac1 f6 (20... Qxf4 21. Bxf4 Rad8 22. Be3 Rd5 23. Rc4 $14) 21.
Bc7 Bf8 (21... Rac8 22. Rc4 Qb5 23. Bd6 Rcd8 24. Bxe7 Rxe7 25. Rfc1 $14) 22.
Qf3 Qe4 $6 {Black misses the golden opportunity to equalize chances with an
unpleasant idea 22...Qd2.} (22... Qd2 23. Ra1 Qe2 24. Qd5+ Qe6 $11) 23. Qc3 Qb7
(23... Qb4 24. Qd3 Rac8 25. Bf4 Rcd8 26. Qa6 $14) 24. Bf4 a5 (24... Qa6 25. Rc2
Rad8 26. Be3 Rd3 27. Qc4+ Qxc4 28. Rxc4 $14) 25. Qc4+ Kh8 26. Rfe1 Rxe1+ 27.
Rxe1 Qb4 (27... a4 $6 28. bxa4 Qa7 29. a3 Qa5 30. Rd1 f5 31. Be3 $16) 28. Qe6
h6 (28... a4 29. Re4 axb3 (29... Qb5 30. Rxa4 $16) (29... Qa3 30. bxa4 Qf3 31.
Qd5 $16) 30. Rxb4 bxa2 31. Qxa2 Rxa2 32. Rb8 g5 33. Bd6 $18) 29. Re4 Qb5 30.
Qd5 Rc8 31. Bd2 Qb6 (31... Rb8 32. Ra4 Qe8 33. Bxa5 Ra8 34. Re4 Qc8 35. Qf7 Kh7
36. Bc3 Rxa2 37. Re8 $1 Qf5 38. Be1 $18) 32. Bxh6 $1 {[%mdl 64] Excellent
tactical shot, white will win a pawn and get very promissing ending.} gxh6 (
32... Rd8 33. Bxg7+ Bxg7 34. Qh5+ Kg8 35. Re7 $18) 33. Rg4 Bg7 34. Rxg7 $1 Kxg7
(34... Rd8 35. Qf7 Rd1+ 36. Kg2 Qc6+ 37. Kh3 Qc8+ 38. Kh4 Rd4+ 39. f4 $18) 35.
Qd7+ Kg6 36. Qxc8 Kf7 (36... Qb4 37. Qg8+ Kf5 38. Qd5+ Kg6 39. h4 $16) 37. Qd7+
Kg6 38. Qc8 Qd6 39. Qg8+ Kh5 (39... Kf5 40. h3 $18) 40. h3 {The king can never
survive poorly hidden on h5.} Qd4 41. Qg7 Qd1+ 42. Kh2 (42. Kh2 Qe2 43. g4+ Kh4
44. Qxf6#) 1-0

[Event "Moscow Aeroflot op-A"]
[Site "Moscow"]
[Date "2005.02.22"]
[Round "8"]
[White "Aronian, Levon"]
[Black "Postny, Evgeny"]
[Result "1-0"]
[WhiteElo "2684"]
[BlackElo "2557"]
[Annotator "Ftacnik,L"]
[PlyCount "97"]
[EventDate "2005.02.15"]
[EventType "swiss"]
[EventRounds "9"]
[EventCountry "RUS"]
[SourceTitle "CBM 106"]
[Source "ChessBase"]
[SourceDate "2005.06.06"]
[SourceVersion "1"]
[SourceVersionDate "2005.06.06"]
[SourceQuality "1"]

1. d4 Nf6 2. c4 e6 3. Nf3 b6 4. g3 Bb7 5. Bg2 Bb4+ 6. Bd2 Bxd2+ 7. Qxd2 O-O 8.
Nc3 Ne4 9. Qc2 Nxc3 10. Ng5 Qxg5 11. Bxb7 Nxe2 12. Qxe2 Nc6 13. Bxa8 Rxa8 14.
Rd1 Qa5+ 15. Kf1 Qxa2 16. d5 Na5 17. Kg2 $146 {Surprizing novelty in the
offbeat variation. Aronian has probably realized, that black might have
problems to bring his knight back into the game.} (17. dxe6 dxe6 18. c5 Qc4 19.
Qxc4 Nxc4 20. b3 Na5 21. Rd3 bxc5 22. Rc3 Nb7 23. Ke2 a5 24. Rd1 Kf8 25. f4 Ra6
{1/2-1/2 Benjamin,J-Azmaiparashvili,Z/New York 1997/ (44)}) 17... Qxc4 $6 (
17... Nxc4 $5 18. dxe6 dxe6 19. Qe4 (19. Rd7 c6 20. Rc1 b5 21. Rc2 $11) 19...
Rf8 20. Ra1 Qb3 21. Rxa7 c5 22. Ra8 g6 23. Rha1 Na5 24. Ra6 Qxb2 25. Rb1 $11)
18. Qf3 Rc8 (18... exd5 19. Rxd5 Qc6 20. Rxd7 Qxf3+ 21. Kxf3 $14) (18... Rf8
19. Rc1 Qxd5 20. Qxd5 exd5 21. Rxc7 $16) (18... c6 $5 19. dxe6 dxe6 20. Rd7 Rf8
21. Rhd1 Qc5 22. Rxa7 Nc4 $11) 19. dxe6 dxe6 (19... Qxe6 20. Rhe1 Qc6 21. Qxc6
Nxc6 22. Rxd7 Kf8 23. h3 $14) 20. Rd7 Rf8 (20... f5 21. Rhd1 Qc6 22. Qxc6 Nxc6
23. Rc1 Ne5 24. Rdxc7 Rxc7 25. Rxc7 $14) 21. Rhd1 {Due to the sorry location
of the black knight Postny's position is rather unpleasant.} g6 (21... Qc5 22.
Rd8 c6 23. Qf4 e5 24. Qh4 f6 25. b4 $18) 22. h4 h5 23. Re7 Qc6 (23... Qb3 24.
Qxb3 Nxb3 25. Rxc7 $16) 24. Qxc6 Nxc6 25. Rxc7 Nb4 26. Rxa7 Nd5 27. Rda1 $1 {
[%mdl 4096] Aronian doesn't fear the technical problems in the position with
extra exchange. Coordinated attack of rook and king will be very unpleasant
for black.} Kg7 (27... b5 28. Ra8 b4 29. Kf3 $16) 28. Ra8 Rxa8 29. Rxa8 Kf6 30.
Kf3 Kf5 31. Ke2 f6 (31... b5 32. Kd3 Ke5 33. Rf8 $16) 32. Kd3 g5 33. Ra4 $1 Ke5
(33... b5 34. Re4 e5 35. f3 $16) 34. Re4+ Kf5 35. f3 e5 36. Rc4 Ke6 37. hxg5 $1
{Very easily white was able to get the winning position, the defender will not
be able to hold all the pawns.} (37. Rc6+ Kd7 38. Rc1 gxh4 39. Ke4 Ne7 40. gxh4
Kd6 41. Rd1+ Ke6 $14) 37... fxg5 38. Rc6+ Kf5 (38... Kd7 39. Rh6 $18) 39. Rd6
$1 (39. Rh6 Nf6) 39... Ne7 40. Rxb6 h4 (40... g4 41. Rh6 gxf3 42. Rxh5+ Kg4 43.
Rxe5 Nc6 44. Re8 $18) 41. gxh4 gxh4 42. Ke2 Nd5 (42... Kf4 43. Rb4+ Kg3 44.
Rg4+ Kh3 45. Re4 $18) 43. Rh6 {The game is over as the black h pawn will not
run very far.} Nf4+ (43... Kg5 44. Rh8 Nf4+ 45. Ke3 $18) 44. Ke3 h3 45. b3 Kg5
46. Rh8 Kf5 47. Kf2 Ke6 48. Rd8 Ke7 49. Rd1 1-0

[Event "Corus-C"]
[Site "Wijk aan Zee"]
[Date "2005.01.17"]
[Round "3"]
[White "Zhukova, Natalia"]
[Black "Korotylev, Alexey"]
[Result "0-1"]
[WhiteElo "2465"]
[BlackElo "2603"]
[Annotator "Ftacnik,L"]
[PlyCount "66"]
[EventDate "2005.01.15"]
[EventType "tourn"]
[EventRounds "13"]
[EventCountry "NED"]
[EventCategory "7"]
[SourceTitle "CBM 105"]
[Source "ChessBase"]
[SourceDate "2005.04.11"]
[SourceVersion "1"]
[SourceVersionDate "2005.04.11"]
[SourceQuality "1"]

1. d4 Nf6 2. c4 e6 3. Nf3 Bb4+ 4. Nbd2 b6 5. g3 Bb7 6. Bg2 O-O 7. O-O c5 8. a3
Bxd2 9. Qxd2 Na6 10. b4 Qe7 (10... d6 11. Bb2 Ne4 12. Qd3 d5 13. dxc5 bxc5 14.
cxd5 exd5 15. Nd2 Qe7 16. Nxe4 dxe4 17. Qc3 f5 18. Rfc1 cxb4 19. axb4 Rf7 20.
b5 Nc7 21. Qb3 Bd5 22. Qa4 Qd7 23. Rd1 Qe6 24. Rd4 Rd7 25. Rc1 {Gervasio,
R-Assad,K/Guingamp 1999/ 1-0 (36)}) 11. dxc5 bxc5 12. b5 Nc7 13. a4 {White
enjoys bishops pair and a potential passed pawn on the queenside. Black badly
needs some counterplay on the opposite part of the board.} d6 (13... d5 14. Ne5
$14) 14. a5 Rab8 15. Bb2 (15. Rd1 Rfd8 16. Qe3 e5 17. Bb2 $14 Ng4 18. Qb3 f5
$132) 15... Ne4 16. Qc2 (16. Qe3 f5 17. Rfd1 e5 $13) 16... f5 17. Nd2 $6 {
The exchange of pieces makes life for black much easier, since white king will
be left without natural defenders.} (17. Rad1 e5 18. Nh4 g6 19. f3 Ng5 20. e3
$14) 17... Nxd2 18. Qxd2 Bxg2 19. Kxg2 e5 20. Bc3 $2 {Very tragic location for
the bishop as it stands in a way and later becomes object of an attack.
Zhikova immediately gets a worse position.} (20. Rfd1 Rfd8 21. Qc3 Qf7 22. Rd2
e4 23. Rad1 d5 24. cxd5 Rxb5 $13) 20... Qe6 21. Qa2 (21. Rac1 Rfd8 (21... Qxc4
22. Qxd6 Nxb5 23. Qxe5 Qf7 24. Qxc5 Rfc8 25. Qe5 Nxc3 26. Rxc3 Re8 27. Qf4 $14)
22. Bb2 d5 $15) 21... f4 22. f3 (22. a6 e4 23. gxf4 Rxf4 $17) 22... d5 $1 {
[%mdl 32] Korotylev could have only dreamed about such turn of the events, all
his pieces are superior to their white counterparts.} 23. cxd5 (23. Qa3 dxc4
24. Qxc5 Nxb5 25. Qxe5 Qf7 26. Bd2 fxg3 27. Qxg3 c3 $17) 23... Nxd5 24. Rfb1 (
24. Kg1 c4 25. Rfc1 Rfc8 $17) 24... c4 25. Bd2 (25. Qd2 Ne3+ 26. Kh1 Qh3 27.
Rg1 Rf6 $19) 25... fxg3 26. hxg3 (26. Kxg3 Qg6+ 27. Kf2 Rbc8 28. b6 e4 $19)
26... e4 $1 {White king is completely alone on the kingside and no match for
the entire black army.} 27. Bb4 (27. Kh2 exf3 28. Qxc4 Rf5 29. exf3 Rh5+ 30.
Kg1 Qh3 $19) 27... Rf7 28. b6 axb6 29. axb6 Re8 (29... Ne3+ 30. Kf2 exf3 31.
exf3 Re8 32. b7 Qh3 33. b8=Q Qg2+ 34. Ke1 Nc2+ 35. Kd1 Qxf3+ $19) 30. Ba5 Ne3+
31. Kf2 exf3 32. exf3 Qe4 33. Kg1 Rxf3 0-1

[Event "Goodricke op 12th"]
[Site "Kolkata"]
[Date "2001.02.15"]
[Round "10"]
[White "Murugan, Krishnamoorthy"]
[Black "Shankar, Roy"]
[Result "1-0"]
[WhiteElo "2390"]
[BlackElo "2323"]
[Annotator "Ftacnik,L"]
[PlyCount "69"]
[EventDate "2001.02.06"]
[EventType "swiss"]
[EventRounds "11"]
[EventCountry "IND"]
[SourceTitle "CBM 082"]
[Source "ChessBase"]
[SourceDate "2001.05.17"]
[SourceVersion "1"]
[SourceVersionDate "2001.05.17"]
[SourceQuality "1"]

1. Nf3 Nf6 2. d4 e6 3. c4 b6 4. g3 Bb7 5. Bg2 Bb4+ 6. Bd2 Bxd2+ 7. Qxd2 O-O 8.
Nc3 Ne4 9. Qc2 Nxc3 10. Qxc3 Be4 11. O-O Qc8 (11... d6 12. Qe3 f5 13. Ne1 d5
14. f3 f4 15. gxf4 Bf5 16. cxd5 exd5 17. Qd2 Re8 18. Rc1 {1/2-1/2 Steinmacher,
J-Bartonicev,Z/Crailsheim/2000/ (39)}) 12. Rfd1 Qb7 13. d5 $1 {Punishing black
for the rather artificial transfer of the black queen to b7.} exd5 14. cxd5 c6
(14... Bxd5 $2 15. Rxd5 $1 Qxd5 16. Nd4 Qe5 17. f4 Qh5 18. Bxa8 $18) 15. Nd4
Bxg2 (15... cxd5 $2 16. Bxe4 dxe4 17. Nf5 f6 18. Nd6 Qa6 19. Qb3+ Kh8 20. Nf7+
$18) 16. Nf5 f6 17. Kxg2 cxd5 18. Qf3 g6 (18... Na6 19. Qxd5+ Qxd5+ 20. Rxd5 g6
21. Nd6 $16) 19. Nd6 Qc6 20. Rxd5 {[%mdl 16] Black pawn structure is poor and
compensation nowhere to be seen.} (20. Qxd5+ Qxd5+ 21. Rxd5 $16) 20... Na6 21.
e4 Nc5 (21... Qc2 22. Rb5 Nc7 23. Qb3+ Qxb3 24. Rxb3 Ne8 25. Rd1 $16) 22. Rad1
a5 23. b3 Ra7 24. h4 $1 Ne6 25. h5 g5 (25... a4 26. hxg6 hxg6 27. Qg4 $18) 26.
h6 Rc7 27. Nb5 Rb7 28. Rf5 Qc2 29. Nd6 Rbb8 (29... Rc7 30. Rxf6 Rxf6 31. Qxf6
Qxd1 32. Qf7+ Kh8 33. Qe8+ $18) 30. Rdd5 Qb2 (30... Qxa2 31. Rxf6 Qa1 32. Rf7
Rbd8 33. Qf5 Rxf7 34. Qxf7+ Kh8 35. Ne8 $18) 31. Qe3 $1 {The pawns around
black king are exposed and white has all pieces prepared to storm the shelter.}
Qxa2 (31... a4 32. Rd2 Qc1 33. bxa4 $18) 32. Rxg5+ Nxg5 (32... fxg5 33. Rxg5+
Kh8 34. Qc3+ $18) 33. Rxg5+ Kh8 34. Qc3 a4 (34... Qa3 35. Qc7 Rbd8 36. Rg7 Qc5
37. Qxd8 Qxd6 (37... Rxd8 38. Nf7#) 38. Qxd7 $18) 35. Qc4 $1 (35. Qc4 $1 Qxb3
36. Rg8+ Rxg8 37. Nf7#) 1-0